000
00301nam a2200133Ia 4500
008
191201s2004 xx 000 0 und d
100
_a
GUPTA,R.L
245
0
_a
Fundamentals of Accounting
250
_a
Rep
260
_a
N. Delhi
_b
Sultan Chand
_c
2004
300
_a
MISC
650
_a
BBA
942
_2
ddc
_c
BK
999
_c
44
_d
44